000 00600nmc a2200253 a 4500
003 AR-BaBNM
005 20251128211537.0
008 174120s1989 ||||||||||||||000 | spa||
020 _a0-435-27761-8
040 _cAR-BaBNM
100 1 _aHopwood, Tony
245 1 0 _aThe last recording
260 _aOxford
_bHeinemann
_c1989
300 _a32 p.
_bil.
490 0 _aNew wave readers
500 _aNivel 3
650 4 _aENSENANZA DE IDIOMAS
650 4 _aINGLES
650 4 _aCUENTOS
653 _aLITERATURA DIDACTICA
800 1 _aMc. Lean, Alan C.
942 _cBK
998 _cEugenia
999 _c20113
_d20113